| 000 | 00537nam a2200169 a 4500 | ||
|---|---|---|---|
| 005 | 20140412111302.0 | ||
| 008 | 010131s19uu xx 00 eng d | ||
| 020 | _a971-508-022-7 | ||
| 050 |
_aFil E _bPa21 1995 |
||
| 100 | _aAlmario, Virgilio S. | ||
| 245 |
_aParadise of the animals : _cVirgilio S. Almario;illustrated by J. de Leon. _bfor peace in the world / |
||
| 260 |
_aPhilippines : _bAdarna Books Services, Inc, _c1995. |
||
| 300 | _a1 v. (unpaged) | ||
| 650 | _aAnimal--Stories | ||
| 650 | _aPeace--Fiction | ||
| 999 |
_c103445 _d103445 |
||